000 00585nam a2200145 a 4500
001 000028300
005 20200930031523.0
008 110407s1999 dr 000 0 spa d
040 _aDO-SdBNP
_bspa
_cBNPHU
082 _axxxx
_bC749b
111 2 _aCongreso Dominicano de Filosofía
_n(1er. :
_d1999, feb. 3
_cSanto Domingo)
_955296
245 1 0 _aBalance y utopía :
_bmemorias /
_cpresentación Rafael Morla.
260 _aSanto Domingo :
_bDepartamento de Filosofía de la Universidad Auntonoma de Santo Domingo, Facultad de Humanidades
_bCentro Cultural Español,
_c[1999?].
049 _aBNPD
999 _c27792
_d27792